000 01254nam a22003730a 4500
001 PT53012
003 AR-LpoUNG
005 20210516203426.0
008 191001s[201||||uy |||||||||||||||||spa d
020 _a9789974688735
_c$5,65
040 _aAR-LpoUNG
_bspa
_cAR-LpoUNG
_eaacr
041 _aspa
_apor
_aita
_afre
044 _auy
082 0 _a407 238for-2011
111 2 _aForo de Lenguas de Administración Nacional de Educación Pública, 4, Un Espacio de Encuentro, Reflexión y Discusión sobre la Enseñanza y el Aprendizaje de Lenguas, Montevideo, 7-9 octubre 2011
245 1 0 _aCuarto foro de lenguas de ANEP
250 _a1ra. ed.
260 _aMontevideo :
_bANEP,
_c[2011].
300 _a331 p. :
_bgráfs., tbls.
650 4 _aAPRENDIZAJE
650 4 _aDOCENTES BILINGÜES
650 4 _aENSEÑANZA DE LENGUAS MODERNAS
650 4 _aENSEÑANZA DE SEGUNDA LENGUA
650 4 _aESTUDIOS DE CASOS
650 4 _aINVESTIGACION
650 4 _aLENGUAJE
650 4 _aLENGUAS
650 4 _aLINGÜISTICA
650 4 _aURUGUAY
651 4 _aDOCUMENTOS TEORICOS O METODOLOGICOS
710 2 _aAdministración Nacional de Educación Pública (Uruguay). Programa de Políticas Lingüísticas
905 _a53012
942 _cLIB
999 _c57857
_d57857